Aspectos técnicos y pedagógicos del ordenador en la escuela /

Bibliographic Details
Main Author: Zaragoza, Josep Maria
Other Authors: Cassadó, Antoni
Format: Libro
Language:Spanish
Published: Madrid Bruño 1992
Series:Nueva escuela
Subjects:
Online Access:

MARC

LEADER 00000cam a2200000 a 4500
001 014620
003 UAHC_CL
005 20170803121147.0
008 140731s1992 sp 000 spa
020 |a 8421618695 
040 |a UAHC_CL  |c UAHC_CL  |d UAHC_CL 
082 0 4 |a 370.285  |b Z36  |2 20 
100 1 |a Zaragoza, Josep Maria 
245 1 0 |a Aspectos técnicos y pedagógicos del ordenador en la escuela /  |c Josep Maria Zaegoza, Antoni Cassadó. 
260 |b Bruño  |a Madrid  |c 1992 
300 |a 160 p. 
490 0 |a Nueva escuela 
650 4 |a ENSEÑANZA CON AYUDA DE COMPUTADORES 
650 4 |a PEDAGOGIA  |x METODOS DE ENSEÑANZA 
653 |a PEDAGOGIA EN EDUCACION BASICA 
700 1 |a Cassadó, Antoni 
900 |a 370.285 ZAR 
942 |c BK 
952 |0 0  |1 0  |4 0  |6 370_285000000000000_ZAR  |7 0  |8 General  |9 29251  |a BC  |b BC  |c General  |d 2017-08-03  |o 370.285 ZAR  |p 1420832  |r 2026-01-13 00:00:00  |t 1  |w 2017-08-03  |y BK 
999 |c 14620  |d 14620